000 00201nam a22000857a 4500
008 170116b xxu||||| |||| 00| 0 eng d
100 _92423
_aSrivastava.N
245 _aArt
260 _aNew Delhi
_bRachna
_c2007
999 _c5462
_d5462